Reintroduction of Przewalski horses in the Hustain Nuruu mountain forest steppe reserve in Mongolia (Registro nro. 13090)

Detalles MARC
000 -CABECERA
Campo de control 006190000a22001690004500
090 ## - CLASIFICACIÓN LOCAL
Colección AR
Consecutivo 04057
041 0# - IDIOMA
Código de idioma para texto/pista de sonido o título separado
100 1# - ASIENTO PRINCIPAL--NOMBRE PERSONAL
Nombre personal Bouman, Inge
245 10 - MENCION DE TITULO
Título Reintroduction of Przewalski horses in the Hustain Nuruu mountain forest steppe reserve in Mongolia
Version an integrated conservation development project
500 ## - NOTA GENERAL
Nota general <Colección Recursos Genéticos>
650 14 - ASIENTO SECUNDARIO DE MATERIA - TERMINO TEMATICO
Término temático o nombre geográfico como elemento de entrada Biología de la conservación
650 14 - ASIENTO SECUNDARIO DE MATERIA - TERMINO TEMATICO
Término temático o nombre geográfico como elemento de entrada Restauración
650 14 - ASIENTO SECUNDARIO DE MATERIA - TERMINO TEMATICO
Término temático o nombre geográfico como elemento de entrada Reintroducción de especies
651 #4 - ASIENTO SECUNDARIO DE MATERIA - NOMBRE GEOGRAFICO
-- Reserva forestal Hustain Nuruu
-- Mongolia
773 1# - Item fuente:
Título Preprint
Paginas del Articulo 1-15
Lugar, editorial y fecha de publicación 1998
942 ## - ELEMENTOS ADICIONALES (KOHA)
Tipo de ítem Artículo
Existencias
Withdrawn status Lost status Damaged status No para préstamo Colección Ubicación Permanente Ubicación actual Fecha de adquisición Fuente de Valor Datos de publicación Seriada Total Checkouts Número topográfico Inventario / Código de Barras Date last seen Price effective from Forma de adquisición Tipo de material
      No para Préstamo Hemeroteca Bogotá Bogotá 27/02/2015 Rincón, Martha Fuera de circulación   AR 04057 017642 25/03/2015 25/03/2015   Artículo